Statistics for Pokémon names that end with A

Click here to take the quiz!

General Stats

  • This quiz has been taken 223 times
    (183 since last reset)
  • The average score is 22 of 84

Answer Stats

GenPokémon% Correct
IAbra
85%
IKadabra
58%
IIIAltaria
42%
IVPalkia
42%
IVDialga
42%
VAlomomola
41%
IILugia
40%
VIAmaura
38%
IVGiratina
38%
IIChikorita
38%
ITangela
37%
IIIRayquaza
37%
IICleffa
36%
IIKingdra
35%
IIQuilava
34%
IIICacnea
33%
IICorsola
33%
IIIKirlia
33%
IRattata
33%
IHorsea
32%
ISeadra
32%
IIICarvanha
32%
IISlugma
32%
IPonyta
30%
IIIPoochyena
29%
IIIMightyena
29%
IILedyba
28%
IIYanma
28%
IKakuna
28%
VMeloetta
28%
VCarracosta
28%
VDarumaka
27%
VEmolga
27%
VVolcarona
27%
IIIVibrava
27%
VGothita
27%
VIHoopa
26%
IISunflora
26%
IIINincada
26%
VGothorita
26%
VIILunala
26%
INidorina
26%
VIIPrimarina
25%
IVCresselia
25%
IIIRoselia
25%
IVTorterra
25%
VLarvesta
25%
VMunna
24%
IITeddiursa
24%
VGalvantula
24%
IVYanmega
24%
IIIHariyama
24%
VIIIZamazenta
24%
IIIShedinja
24%
VIGoodra
24%
IIISpinda
23%
VZebstrika
23%
VZorua
23%
IIIMakuhita
23%
VIICelesteela
22%
VIIICursola
22%
IVStaravia
22%
VRoggenrola
21%
VISpewpa
21%
VIGreninja
21%
VMusharna
21%
VTirtouga
21%
VIIZeraora
18%
VIIIHatenna
18%
VSwanna
17%
VIIKartana
16%
VIIDrampa
16%
VIIStakataka
16%
VIITsareena
15%
VIHawlucha
15%
VIINecrozma
14%
VIIPheromosa
14%
VIIKomala
13%
VIIIBarraskewda
13%
VIIMagearna
12%
VIIIArrokuda
12%
VIIISandaconda
10%
VIIISinistea
10%
VIIISilicobra
7%

Score Distribution

Percentile by Number Answered

Percent of People with Each Score

Your Score History

You have not taken this quiz since the last reset